[Event "FLORIPA CHESS OPEN 2015"]
[Site "Florianopolis/SC"]
[Date "2015.01.14"]
[Round "1"]
[Board "41"]
[White "Crul, Otavio Augusto Barros"]
[Black "Maia, Jose Eduardo Bastos O."]
[Result "0-1"]
[WhiteElo "1652"]
[BlackElo "2131"]
[PlyCount "95"]
[EventDate "2015.01.14"]
[EventRounds "10"]
[EventCountry "BRA"]

1. d4 Nf6 2. c4 c5 3. e3 e6 4. Nc3 d5 5. cxd5 exd5 6. Nf3 Nc6 7. Be2 Be7 8. O-O
O-O 9. dxc5 Bxc5 10. Qc2 Bg4 11. Rd1 Qe7 12. Nxd5 Nxd5 13. Rxd5 Bb6 14. Ng5 f5
15. Bxg4 Nb4 16. Qb3 Nxd5 17. Qxd5+ Kh8 18. Nxh7 Kxh7 19. Bxf5+ g6 20. Qd7 Qxd7
21. Bxd7 Rfd8 22. Bg4 Rac8 23. Bd2 Rc4 24. Be6 Re4 25. Bg8+ Kxg8 26. Bc3 Rc4
27. Kf1 Kf7 28. Ke2 Ke6 29. h3 Bc5 30. a3 b5 31. Rc1 b4 32. axb4 Bxb4 33. f4
Bxc3 34. bxc3 a5 35. g4 Rh8 36. Kd3 Rc6 37. e4 Rxh3+ 38. Kd4 a4 39. c4 a3 40.
Ra1 Ra6 41. f5+ gxf5 42. gxf5+ Kf6 43. c5 a2 44. c6 Rh2 45. Kc5 Rc2+ 46. Kd5
Rcxc6 47. Rxa2 Rxa2 48. Kxc6 0-1

[Event "FLORIPA CHESS OPEN 2015"]
[Site "Florianopolis/SC"]
[Date "2015.01.14"]
[Round "1"]
[Board "42"]
[White "Mendonca Campelo, Higor Carlos"]
[Black "Costa, Edvaldo Da Cruz"]
[Result "1-0"]
[WhiteElo "2119"]
[BlackElo "1649"]
[PlyCount "75"]
[EventDate "2015.01.14"]
[EventRounds "10"]
[EventCountry "BRA"]

1. e4 e6 2. d3 d5 3. Nd2 c5 4. Ngf3 Nc6 5. g3 Nf6 6. Bg2 Be7 7. O-O O-O 8. e5
Ng4 9. Re1 Qc7 10. Qe2 Nh6 11. Nf1 Nf5 12. c3 g6 13. g4 Ng7 14. Bf4 b6 15. Ng3
Bb7 16. g5 Nf5 17. h4 Nxg3 18. fxg3 d4 19. c4 Rfe8 20. Nh2 Bf8 21. Ng4 Bg7 22.
Nf6+ Bxf6 23. gxf6 Nb8 24. Qg4 Bxg2 25. Kxg2 Kh8 26. Rh1 Nc6 27. Qg5 Qb7 28.
Kf2 Nb4 29. Rhd1 Nc2 30. Rac1 Nb4 31. a3 Nc6 32. h5 Rg8 33. Rh1 a6 34. Rh2 Ra7
35. Rch1 Qa8 36. hxg6 fxg6 37. Rxh7+ Rxh7 38. Rxh7+ 1-0

[Event "FLORIPA CHESS OPEN 2015"]
[Site "Florianopolis/SC"]
[Date "2015.01.14"]
[Round "1"]
[Board "43"]
[White "Teixeira, Guilherme Vargas"]
[Black "Pottker, Gustavo Sartori"]
[Result "0-1"]
[WhiteElo "1648"]
[BlackElo "2109"]
[PlyCount "106"]
[EventDate "2015.01.14"]
[EventRounds "10"]
[EventCountry "BRA"]

1. d4 Nf6 2. c4 e6 3. Nf3 b6 4. a3 Be7 5. Nc3 Bb7 6. Qc2 d5 7. cxd5 Nxd5 8. e4
Nxc3 9. bxc3 Nd7 10. Bd3 c5 11. O-O O-O 12. Re1 Rc8 13. Qb1 Re8 14. Ra2 Qc7 15.
Rd2 g6 16. Bb2 Bd6 17. h3 Bf8 18. Rdd1 c4 19. Bc2 b5 20. Qc1 a5 21. Nh2 b4 22.
axb4 axb4 23. cxb4 Bxb4 24. Re3 Bd6 25. g3 Qa5 26. Bc3 Qh5 27. h4 f5 28. e5 Be7
29. Rf1 g5 30. Bd1 g4 31. f3 gxf3 32. Bxf3 Bxf3 33. Rexf3 Nb6 34. R1f2 Nd5 35.
Nf1 Bf8 36. Bd2 Qg4 37. Bf4 Nxf4 38. Rxf4 Qg6 39. R4f3 Bh6 40. Qc2 Red8 41. Qc3
Qg4 42. Rf4 Bxf4 43. Rxf4 Qd1 44. Qb4 Qh5 45. Qe7 Qf7 46. Qa3 c3 47. Qc1 Qa7
48. Kh2 c2 49. g4 Kh8 50. gxf5 Rxd4 51. fxe6 Rxf4 52. Qxf4 c1=Q 53. Qf6+ Qg7
 0-1

[Event "FLORIPA CHESS OPEN 2015"]
[Site "Florianopolis/SC"]
[Date "2015.01.14"]
[Round "1"]
[Board "44"]
[White "Starke, Bruno Orlando"]
[Black "Prado, Lucas Muller"]
[Result "1-0"]
[WhiteElo "2103"]
[BlackElo "1647"]
[PlyCount "99"]
[EventDate "2015.01.14"]
[EventRounds "10"]
[EventCountry "BRA"]

1. d4 Nf6 2. c4 g6 3. Nf3 Bg7 4. g3 O-O 5. Bg2 d5 6. cxd5 Nxd5 7. O-O c6 8. e4
Nb6 9. Qc2 Bg4 10. Ne5 Bxe5 11. dxe5 Qd4 12. h3 Be6 13. Qc3 Qxc3 14. Nxc3 N8d7
15. f4 Rfd8 16. b3 Nc5 17. Ba3 Rd3 18. Rac1 Na6 19. f5 gxf5 20. exf5 Bd5 21.
Nxd5 Nxd5 22. Rfe1 Nac7 23. Kf2 Rd2+ 24. Re2 Rxe2+ 25. Kxe2 Rd8 26. Rc4 Nb5 27.
Bb2 Kh8 28. a4 Nbc7 29. Rh4 Re8 30. Kf2 Rd8 31. Ke2 Rf8 32. Kf2 f6 33. exf6
exf6 34. Re4 Kg7 35. g4 Kf7 36. Bf1 Re8 37. Rxe8 Nxe8 38. Bc4 Nd6 39. Bxd5+
cxd5 40. Ke3 Ne4 41. Ba3 Ke8 42. Kd4 Kd7 43. Kxd5 Nf2 44. Bc5 Nxh3 45. Bxa7 Ng5
46. Bd4 Ke7 47. b4 Nf3 48. b5 Nh2 49. a5 Nxg4 50. a6 1-0

[Event "FLORIPA CHESS OPEN 2015"]
[Site "Florianopolis/SC"]
[Date "2015.01.14"]
[Round "1"]
[Board "45"]
[White "Torres Acosta, Raul"]
[Black "Silva, Lucas Henrique Da"]
[Result "0-1"]
[WhiteElo "1643"]
[BlackElo "2096"]
[PlyCount "92"]
[EventDate "2015.01.14"]
[EventRounds "10"]
[EventCountry "BRA"]

1. e4 c5 2. f4 e6 3. Nf3 a6 4. Be2 b5 5. d4 cxd4 6. Nxd4 Bb7 7. Bf3 d6 8. O-O
Qc7 9. Bd2 Nd7 10. a4 bxa4 11. Rxa4 Ngf6 12. e5 dxe5 13. Bxb7 Qxb7 14. Nb3 Nb6
15. Ra2 exf4 16. Rxf4 Bd6 17. Rf1 O-O 18. Bc3 Rfd8 19. Qe2 Nbd5 20. Qf3 Qb6+
21. Kh1 Qe3 22. Bd4 Qxf3 23. Rxf3 Nb4 24. Bxf6 gxf6 25. Ra4 f5 26. c3 Be7 27.
Rf1 Nd3 28. Ra2 Nf2+ 29. Kg1 Ne4 30. g3 Rd5 31. Na3 Rb8 32. Nd4 Bxa3 33. Rxa3
Rxb2 34. Rxa6 Nxc3 35. Nf3 Ne4 36. Ra3 h6 37. Re3 Kg7 38. Rfe1 Ng5 39. Nxg5
hxg5 40. R3e2 Rdd2 41. Kf2 Rxe2+ 42. Rxe2 Rxe2+ 43. Kxe2 g4 44. Ke3 e5 45. Kd3
f4 46. gxf4 exf4 0-1

[Event "FLORIPA CHESS OPEN 2015"]
[Site "Florianopolis/SC"]
[Date "2015.01.14"]
[Round "1"]
[Board "46"]
[White "Fonseca, Luis Ernesto Serra Az"]
[Black "Fuck, Joao Vitor Rios"]
[Result "1-0"]
[WhiteElo "2088"]
[BlackElo "1640"]
[PlyCount "49"]
[EventDate "2015.01.14"]
[EventRounds "10"]
[EventCountry "BRA"]

1. c4 Nf6 2. Nf3 c5 3. Nc3 Nc6 4. g3 g6 5. Bg2 Bg7 6. O-O O-O 7. d4 cxd4 8.
Nxd4 a6 9. c5 Qc7 10. Qa4 Rd8 11. Bg5 Nxd4 12. Qxd4 d6 13. Rfd1 Rb8 14. cxd6
Rxd6 15. Bf4 Ne8 16. Bxd6 Nxd6 17. Qe3 Nc4 18. Qc1 Be6 19. Nd5 Qc5 20. b4 Qb5
21. a4 Qe8 22. Qxc4 Bxa1 23. Rxa1 Rd8 24. Qc5 Rd6 25. Nf6+ 1-0

[Event "FLORIPA CHESS OPEN 2015"]
[Site "Florianopolis/SC"]
[Date "2015.01.14"]
[Round "1"]
[Board "47"]
[White "Fassis, Juliana Maria"]
[Black "Pirola, Claudionor Alcides Lim"]
[Result "1/2-1/2"]
[WhiteElo "1638"]
[BlackElo "2088"]
[PlyCount "58"]
[EventDate "2015.01.14"]
[EventRounds "10"]
[EventCountry "BRA"]

1. e4 e5 2. Nf3 Nc6 3. Bc4 Nf6 4. Ng5 d5 5. exd5 Na5 6. Bb5+ c6 7. dxc6 bxc6 8.
Be2 h6 9. Nf3 e4 10. Ne5 Qc7 11. d4 exd3 12. Nxd3 Bd6 13. h3 O-O 14. Nc3 Rb8
15. b3 Rd8 16. O-O c5 17. Qe1 Bb7 18. Be3 a6 19. Rd1 c4 20. Nb2 cxb3 21. axb3
Bb4 22. Rxd8+ Rxd8 23. Nba4 Qe5 24. Bb6 Re8 25. f4 Qe6 26. Qf2 Rc8 27. Bd4 Nc6
28. Bc4 Qd6 29. Bxf6 Qxf6 1/2-1/2

[Event "FLORIPA CHESS OPEN 2015"]
[Site "Florianopolis/SC"]
[Date "2015.01.14"]
[Round "1"]
[Board "48"]
[White "Prol Medeiros, Horacio"]
[Black "Leacima, Giovane Santiago"]
[Result "1-0"]
[WhiteElo "2085"]
[BlackElo "1638"]
[PlyCount "31"]
[EventDate "2015.01.14"]
[EventRounds "10"]
[EventCountry "BRA"]

1. e4 e5 2. Nf3 Nc6 3. d4 exd4 4. Bc4 Nf6 5. Ng5 Ne5 6. Bb3 h6 7. f4 hxg5 8.
fxe5 Nxe4 9. Qxd4 Nc5 10. O-O Nxb3 11. axb3 Qe7 12. Be3 a6 13. Nc3 d6 14. Nd5
Qd7 15. Bxg5 Rh5 16. Rad1 1-0

[Event "FLORIPA CHESS OPEN 2015"]
[Site "Florianopolis/SC"]
[Date "2015.01.14"]
[Round "1"]
[Board "49"]
[White "Santos Neto, Amazonas"]
[Black "Zini, Jhone Marcelo"]
[Result "0-1"]
[WhiteElo "1634"]
[BlackElo "2082"]
[PlyCount "110"]
[EventDate "2015.01.14"]
[EventRounds "10"]
[EventCountry "BRA"]

1. c4 Nf6 2. Nc3 g6 3. g3 Bg7 4. Bg2 d6 5. d3 e5 6. e4 c6 7. Nge2 Nbd7 8. b4 a5
9. b5 Nc5 10. Ba3 Ne6 11. Qa4 Qd7 12. Bh3 O-O 13. f4 Qc7 14. Bxe6 Bxe6 15. b6
Qxb6 16. Bxd6 Qe3 17. Qc2 Rfd8 18. fxe5 Ng4 19. Nd1 Qf3 20. Rf1 Qg2 21. d4 Bh6
22. Qd3 Nxh2 23. Nf4 Qxf1+ 24. Qxf1 Nxf1 25. Kxf1 Bxc4+ 26. Kf2 Bf8 27. Bxf8
Kxf8 28. Ke3 b5 29. Nb2 Be6 30. Rc1 Rac8 31. a3 b4 32. a4 Kg7 33. Rc5 Bb3 34.
g4 f6 35. Rxa5 fxe5 36. Rxe5 Rd7 37. a5 Rcd8 38. Ne2 Ra8 39. Rc5 Rb7 40. Nd3
Bd1 41. Nef4 b3 42. Nb2 Bxg4 43. Nfd3 Bd7 44. Re5 Be8 45. Kd2 Rd7 46. Nc4 Bf7
47. d5 cxd5 48. exd5 Rc7 49. Kc3 Rac8 50. Ndb2 Rc5 51. Kd4 Rb5 52. Nd6 Rb4+ 53.
Ndc4 Kf6 54. Nd3 Rcxc4+ 55. Ke3 b2 0-1

[Event "FLORIPA CHESS OPEN 2015"]
[Site "Florianopolis/SC"]
[Date "2015.01.14"]
[Round "1"]
[Board "50"]
[White "Ribeiro, Sheridan Luiz Telles"]
[Black "Weise, William Ferreira"]
[Result "1/2-1/2"]
[WhiteElo "2074"]
[BlackElo "1623"]
[PlyCount "120"]
[EventDate "2015.01.14"]
[EventRounds "10"]
[EventCountry "BRA"]

1. e4 e6 2. d3 d5 3. Nd2 Nf6 4. Ngf3 c5 5. g3 Nc6 6. Bg2 Qb6 7. O-O Be7 8. e5
Nd7 9. Re1 Qc7 10. Qe2 b6 11. Nf1 Bb7 12. Bf4 Nf8 13. c3 Ng6 14. Bd2 O-O 15. h4
Rfd8 16. h5 Nf8 17. h6 g6 18. N1h2 Nd7 19. Ng4 b5 20. Ng5 c4 21. d4 b4 22. Bh3
Rf8 23. Nf3 a5 24. Bg5 Ba6 25. Bxe7 Nxe7 26. Qd2 Rab8 27. Qg5 Nf5 28. Nh4 Nxh4
29. Nf6+ Kh8 30. Qxh4 Nb6 31. Re3 Qd8 32. Rae1 Na4 33. Qf4 Bc8 34. R1e2 bxc3
35. bxc3 Rb1+ 36. Kg2 Nb2 37. Rc2 Nd3 38. Qf3 a4 39. Rce2 a3 40. Kh2 Rb2 41.
Bg4 Nc1 42. Qh1 Nxe2 43. Rxe2 Qa5 44. Qc1 Rxe2 45. Bxe2 Bb7 46. Nd7 Rg8 47. Qf4
Qd8 48. Qxf7 Qg5 49. Qf6+ Qxf6 50. exf6 Bc6 51. Ne5 Be8 52. Bg4 Rf8 53. Bxe6
Rxf6 54. Bxd5 Rxf2+ 55. Kh3 Rxa2 56. Nxc4 Bd7+ 57. g4 Rc2 58. Ne3 Rxc3 59. Kh4
Bc6 60. Be6 Rc2 1/2-1/2

[Event "FLORIPA CHESS OPEN 2015"]
[Site "Florianopolis/SC"]
[Date "2015.01.14"]
[Round "1"]
[Board "51"]
[White "Bail, Ellen Larissa"]
[Black "Rippel Junior, Jair"]
[Result "0-1"]
[WhiteElo "1619"]
[BlackElo "2058"]
[PlyCount "82"]
[EventDate "2015.01.14"]
[EventRounds "10"]
[EventCountry "BRA"]

1. d4 d5 2. Nf3 c5 3. c3 Nc6 4. Bf4 Qb6 5. Qb3 Qxb3 6. axb3 cxd4 7. cxd4 Nf6 8.
h3 Bf5 9. Na3 e6 10. e3 Bb4+ 11. Kd1 Ne4 12. Ke2 O-O 13. g4 Bg6 14. Bg2 f6 15.
Nb5 Bf7 16. Rhc1 a6 17. Nc3 g5 18. Bh2 Bg6 19. Na2 Be7 20. Rh1 Rac8 21. Rac1
Na5 22. b4 Nb3 23. Rxc8 Rxc8 24. Ne1 Ned2 25. Bg3 Be8 26. h4 h6 27. Kd1 Bb5 28.
hxg5 hxg5 29. Nf3 Ne4 30. Rh3 Bxb4 31. Ng1 Nxg3 32. Rxg3 Bd6 33. Rh3 Bd3 34.
Nc3 Ba3 35. Nge2 Bxb2 36. Nxd5 Kg7 37. Nb6 Rc7 38. Na4 Ba3 39. e4 Bc2+ 40. Ke1
Bb4+ 41. Kf1 Nd2+ 0-1

[Event "FLORIPA CHESS OPEN 2015"]
[Site "Florianopolis/SC"]
[Date "2015.01.14"]
[Round "1"]
[Board "52"]
[White "Pereira, Geanfrancesco"]
[Black "Da Silva, Camila Evaristo"]
[Result "1/2-1/2"]
[WhiteElo "2046"]
[BlackElo "1609"]
[PlyCount "107"]
[EventDate "2015.01.14"]
[EventRounds "10"]
[EventCountry "BRA"]

1. e4 e5 2. Nf3 Nf6 3. Bc4 d6 4. O-O Be7 5. Nc3 O-O 6. d4 Nc6 7. h3 exd4 8.
Nxd4 Nxd4 9. Qxd4 Be6 10. Bxe6 fxe6 11. e5 Ne8 12. exd6 cxd6 13. Qg4 Nc7 14.
Bh6 Rf7 15. Rad1 Kh8 16. Be3 Qf8 17. Ne4 b6 18. c4 Rd8 19. Ng5 Rf6 20. Qh5 h6
21. f4 Qe8 22. Qh4 Rf8 23. Qg4 hxg5 24. fxg5 Qg6 25. h4 e5 26. h5 Qe6 27. Qg3
Rxf1+ 28. Rxf1 Rf8 29. Rxf8+ Bxf8 30. Qf3 Qe7 31. g6 Ne6 32. g3 Nc5 33. Qa8 Kg8
34. h6 Ne6 35. h7+ Kh8 36. b4 Qf6 37. Qd5 Be7 38. Qa8+ Nf8 39. Qe8 Qf3 40. Bf2
Bg5 41. a4 e4 42. Bd4 e3 43. Qf7 Qxf7 44. gxf7 e2 45. Kf2 Bd2 46. Kxe2 Bxb4 47.
Kd3 Kxh7 48. Ke4 Kg6 49. Kd5 Kxf7 50. Kc6 Ne6 51. Bb2 Bc5 52. Kb5 g5 53. g4 Nf4
54. Ka6 1/2-1/2

[Event "FLORIPA CHESS OPEN 2015"]
[Site "Florianopolis/SC"]
[Date "2015.01.14"]
[Round "2"]
[Board "1"]
[White "Deus Filho, Joaquim De"]
[Black "Bachmann, Axel"]
[Result "0-1"]
[WhiteElo "2009"]
[BlackElo "2629"]
[PlyCount "78"]
[EventDate "2015.01.14"]
[EventRounds "10"]
[EventCountry "BRA"]

1. e4 e5 2. d4 exd4 3. Qxd4 Nc6 4. Qe3 Bb4+ 5. Nc3 Nf6 6. Bd2 O-O 7. O-O-O Re8
8. Qg3 d6 9. f3 Ne5 10. Nge2 Nh5 11. Qg5 Qxg5 12. Bxg5 h6 13. Bh4 Ba5 14. Bf2
Nf6 15. Nd5 Nxd5 16. Rxd5 Bb6 17. Bxb6 axb6 18. Nc3 g5 19. a3 Kg7 20. Rd2 Be6
21. Nd5 Bxd5 22. Rxd5 g4 23. Be2 gxf3 24. gxf3 Re6 25. Rg1+ Rg6 26. Rdd1 Rg8
27. f4 Kf8 28. Rg3 Nc6 29. Rdg1 Nd4 30. Bh5 Rxg3 31. hxg3 Ne6 32. f5 Ng5 33.
Re1 Kg7 34. e5 dxe5 35. Rxe5 Kf6 36. Rd5 Re8 37. g4 Re1+ 38. Kd2 Nf3+ 39. Kd3
Rd1+ 0-1

[Event "FLORIPA CHESS OPEN 2015"]
[Site "Florianopolis/SC"]
[Date "2015.01.14"]
[Round "2"]
[Board "3"]
[White "Lopes, Marcelo Ferreira"]
[Black "Matsuura, Everaldo"]
[Result "0-1"]
[WhiteElo "2002"]
[BlackElo "2505"]
[PlyCount "114"]
[EventDate "2015.01.14"]
[EventRounds "10"]
[EventCountry "BRA"]

1. e4 c5 2. Nf3 Nc6 3. Bb5 e6 4. O-O Nge7 5. Re1 a6 6. Bf1 d5 7. d3 g6 8. exd5
exd5 9. Bg5 Bg7 10. Nc3 h6 11. Bxe7 Nxe7 12. Qe2 Be6 13. Rad1 Nf5 14. Na4 Rc8
15. c4 O-O 16. cxd5 Bxd5 17. Nc3 Be6 18. g3 b5 19. a3 Qb6 20. Bg2 Rfd8 21. Ne5
b4 22. Nb1 Bb3 23. Rc1 Re8 24. Nd7 Rxe2 25. Nxb6 Rce8 26. Kf1 Rxe1+ 27. Rxe1
Rxe1+ 28. Kxe1 Bxb2 29. axb4 cxb4 30. Nc4 Bd4 31. Bb7 Bc2 32. Nbd2 Bxd3 33.
Bxa6 Bc3 34. Kd1 Nd4 35. Bb7 f5 36. Bd5+ Kg7 37. Na5 Kf6 38. Ndb3 Ke5 39. Bf7
Nxb3 40. f4+ Kf6 41. Bxb3 g5 42. Nc4 g4 43. Ne3 Ke7 44. Nd5+ Kd6 45. Ne3 Bd4
46. Kd2 Be4 47. Nc4+ Kc5 48. Ne3 Bxe3+ 49. Kxe3 Bd5 50. Bc2 Be6 51. Kd3 b3 52.
Bb1 Kb4 53. Kd4 b2 54. Ke5 Bc8 55. Kd4 Kb3 56. Kd3 Bb7 57. Kd2 Be4 0-1

[Event "FLORIPA CHESS OPEN 2015"]
[Site "Florianopolis/SC"]
[Date "2015.01.14"]
[Round "2"]
[Board "4"]
[White "Di Berardino, Diego Rafael"]
[Black "Franca, Willian Bento"]
[Result "1-0"]
[WhiteElo "2484"]
[BlackElo "2008"]
[PlyCount "91"]
[EventDate "2015.01.14"]
[EventRounds "10"]
[EventCountry "BRA"]

1. e4 c5 2. Nf3 g6 3. c3 Bg7 4. d4 cxd4 5. cxd4 d5 6. exd5 Nf6 7. Qb3 O-O 8.
Nc3 Nbd7 9. a4 Nb6 10. a5 Nbxd5 11. Bc4 Nxc3 12. bxc3 Qc7 13. O-O Bf5 14. Ba3
Ne4 15. Rfe1 Nd6 16. Bf1 e6 17. Ne5 h5 18. Bxd6 Qxd6 19. Qxb7 Bxe5 20. Rxe5
Rac8 21. Qf3 Rc7 22. Qe3 a6 23. Qg3 Rfc8 24. Re3 Qc6 25. h4 Qb7 26. Rae1 Kh7
27. Qd6 Rc6 28. Qa3 Qc7 29. c4 Qf4 30. d5 exd5 31. cxd5 Rc2 32. Be2 Qxh4 33.
Qe7 Qxe7 34. Rxe7 R8c5 35. Rxf7+ Kh6 36. f4 Be4 37. d6 Rxa5 38. Bf1 Rf5 39. Rc7
Rxc7 40. dxc7 Bb7 41. Rb1 Bc8 42. Rb8 Be6 43. Rh8+ Kg7 44. Re8 Rc5 45. Rxe6
Rxc7 46. Bd3 1-0

[Event "FLORIPA CHESS OPEN 2015"]
[Site "Florianopolis/SC"]
[Date "2015.01.14"]
[Round "2"]
[Board "6"]
[White "Barbosa, Evandro Amorim"]
[Black "Martins, Anderson Donay"]
[Result "1-0"]
[WhiteElo "2449"]
[BlackElo "2000"]
[PlyCount "59"]
[EventDate "2015.01.14"]
[EventRounds "10"]
[EventCountry "BRA"]

1. e4 e6 2. d4 d5 3. Nc3 dxe4 4. Nxe4 Nf6 5. Nxf6+ Qxf6 6. Nf3 h6 7. Bd3 Bd7 8.
Ne5 Bd6 9. Qe2 Nc6 10. Nxd7 Kxd7 11. c3 e5 12. d5 Ne7 13. Bb5+ Kd8 14. O-O Nxd5
15. Rd1 c6 16. c4 Nc7 17. Bxc6 bxc6 18. c5 Nd5 19. cxd6 Qxd6 20. Be3 f5 21.
Rac1 Kd7 22. Rxd5 cxd5 23. Qb5+ Kd8 24. Qb7 Rb8 25. Qxg7 Re8 26. Bxh6 Re7 27.
Bg5 Qb4 28. Qxe5 Rbb7 29. Qh8+ Kd7 30. Qc8+ 1-0

[Event "FLORIPA CHESS OPEN 2015"]
[Site "Florianopolis/SC"]
[Date "2015.01.14"]
[Round "2"]
[Board "7"]
[White "Salama, Andre Sasson"]
[Black "Rodriguez Vila, Andres"]
[Result "0-1"]
[WhiteElo "1997"]
[BlackElo "2444"]
[PlyCount "92"]
[EventDate "2015.01.14"]
[EventRounds "10"]
[EventCountry "BRA"]

1. e4 e6 2. d4 d5 3. exd5 exd5 4. Bd3 c5 5. c3 Nc6 6. Ne2 Bg4 7. f3 Bh5 8. O-O
Bd6 9. Bf4 c4 10. Bc2 Nge7 11. Qe1 Bg6 12. Bxg6 hxg6 13. Nd2 Bxf4 14. Nxf4 Qd6
15. Nh3 O-O-O 16. Qg3 Nf5 17. Qxd6 Rxd6 18. Rfe1 Nd8 19. Nf1 Ne6 20. Nf2 g5 21.
Re5 g6 22. Ne3 Ne7 23. Nc2 Rb6 24. Rb1 f6 25. Ree1 Kd7 26. g3 f5 27. Kg2 Rc8
28. Re5 Rcc6 29. Nb4 Rd6 30. Nd1 Nxd4 31. Nxd5 Rxd5 32. Rxd5+ Nxd5 33. cxd4 c3
34. Rc1 cxb2 35. Rb1 f4 36. Kf2 Nb4 37. Ke2 Nxa2 38. Kd3 Kd6 39. Rxb2 Rxb2 40.
Nxb2 Kd5 41. gxf4 gxf4 42. h4 b5 43. Nd1 Nc1+ 44. Kc2 Ne2 45. Kd3 Nxd4 46. Nc3+
Ke5 0-1

[Event "FLORIPA CHESS OPEN 2015"]
[Site "Florianopolis/SC"]
[Date "2015.01.14"]
[Round "2"]
[Board "8"]
[White "Paveto, Kevin"]
[Black "Alboredo, Julia"]
[Result "1/2-1/2"]
[WhiteElo "2437"]
[BlackElo "1995"]
[PlyCount "76"]
[EventDate "2015.01.14"]
[EventRounds "10"]
[EventCountry "BRA"]

1. e4 c5 2. Nf3 Nc6 3. d4 cxd4 4. Nxd4 Nf6 5. Nc3 e5 6. Ndb5 d6 7. Nd5 Nxd5 8.
exd5 Nb8 9. Qd3 a6 10. Qa3 Be7 11. Bg5 f6 12. Bd2 O-O 13. Bb4 axb5 14. Qxa8 Na6
15. Bd2 Qb6 16. Be3 Qa5+ 17. c3 b4 18. Bxa6 bxc3 19. b4 Qxb4 20. O-O bxa6 21.
Rab1 Qc4 22. Rb6 Bh3 23. Qxf8+ Bxf8 24. gxh3 Qxa2 25. Rc1 Qxd5 26. Rxc3 f5 27.
Rxa6 f4 28. Ba7 e4 29. Rc1 Qf5 30. Bd4 Qxh3 31. Kh1 Qf3+ 32. Kg1 Qg4+ 33. Kh1
e3 34. fxe3 Qf3+ 35. Kg1 Qg4+ 36. Kh1 Qf3+ 37. Kg1 Qg4+ 38. Kh1 Qf3+ 1/2-1/2

[Event "FLORIPA CHESS OPEN 2015"]
[Site "Florianopolis/SC"]
[Date "2015.01.14"]
[Round "2"]
[Board "10"]
[White "Pereira, Everaldo Cordeiro"]
[Black "Stamenkovic, Dragan"]
[Result "0-1"]
[WhiteElo "1994"]
[BlackElo "2409"]
[PlyCount "78"]
[EventDate "2015.01.14"]
[EventRounds "10"]
[EventCountry "BRA"]

1. e4 c5 2. Nf3 Nc6 3. d3 g6 4. g3 Bg7 5. Bg2 e6 6. Nbd2 Nge7 7. O-O O-O 8. Re1
d6 9. c3 Rb8 10. Nb3 b6 11. d4 cxd4 12. cxd4 d5 13. e5 Ba6 14. a3 Qd7 15. h4
Rfc8 16. h5 Bc4 17. Nbd2 Bd3 18. Nf1 Be4 19. N1h2 gxh5 20. Bf1 Na5 21. Bd3 Bxd3
22. Qxd3 Qa4 23. Bg5 Nf5 24. g4 hxg4 25. Nxg4 Qb3 26. Rad1 Rc2 27. Bf6 Rxb2 28.
Kg2 Qxd3 29. Rxd3 Rc8 30. Bxg7 Kxg7 31. Rh1 Rcc2 32. Rh5 Nc6 33. Rg5+ Kh8 34.
Ne1 Rc4 35. Nf6 Nce7 36. Rh3 h6 37. Nf3 Rb3 38. Rg4 Ng6 39. Ng5 Ngh4+ 0-1

[Event "FLORIPA CHESS OPEN 2015"]
[Site "Florianopolis/SC"]
[Date "2015.01.14"]
[Round "2"]
[Board "11"]
[White "Molina, Roberto Junio Brito"]
[Black "Langner, Donizete Ribeiro"]
[Result "1-0"]
[WhiteElo "2408"]
[BlackElo "1976"]
[PlyCount "67"]
[EventDate "2015.01.14"]
[EventRounds "10"]
[EventCountry "BRA"]

1. d4 Nf6 2. c4 c5 3. d5 b5 4. cxb5 a6 5. bxa6 e6 6. Nc3 exd5 7. Nxd5 Nxa6 8.
e4 Be7 9. Bd3 Bb7 10. Nxf6+ Bxf6 11. Nf3 Nb4 12. Bb1 c4 13. O-O O-O 14. e5 Bxf3
15. Qxf3 Bxe5 16. Qe4 Re8 17. Qxh7+ Kf8 18. Qh8+ Ke7 19. Bg5+ Kd6 20. Rd1+ Kc5
21. Qh5 f6 22. Be3+ Kc6 23. a3 d5 24. Qe2 Rh8 25. f4 Bc7 26. Be4 Kb5 27. b3 Nd3
28. Rxd3 cxd3 29. Qxd3+ Kc6 30. Qc4+ Kd7 31. Qxd5+ Bd6 32. Rd1 Qc7 33. Bf5+ Ke7
34. Qe6+ 1-0

[Event "FLORIPA CHESS OPEN 2015"]
[Site "Florianopolis/SC"]
[Date "2015.01.14"]
[Round "2"]
[Board "12"]
[White "Pertuzatti, Daniel"]
[Black "Quintiliano Pinto, Renato R."]
[Result "0-1"]
[WhiteElo "1982"]
[BlackElo "2364"]
[PlyCount "58"]
[EventDate "2015.01.14"]
[EventRounds "10"]
[EventCountry "BRA"]

1. e4 c5 2. Nf3 Nc6 3. Nc3 g6 4. g3 Bg7 5. Bg2 d6 6. d3 Nf6 7. h4 Bg4 8. Ne2 d5
9. exd5 Qxd5 10. Nf4 Qd6 11. O-O O-O 12. Be3 h6 13. Qc1 e5 14. Nh3 Kh7 15. Nd2
Qd7 16. Kh2 b6 17. Nc4 Nd5 18. Bd2 Rae8 19. f3 Be6 20. a4 f5 21. Re1 f4 22.
gxf4 exf4 23. Nf2 Qd8 24. Rh1 Nd4 25. Qd1 Nf5 26. Kg1 Nde3 27. Bxe3 fxe3 28.
Ne4 e2 29. Qxe2 Bxc4 0-1

[Event "FLORIPA CHESS OPEN 2015"]
[Site "Florianopolis/SC"]
[Date "2015.01.14"]
[Round "2"]
[Board "13"]
[White "Gazel, Frederico"]
[Black "Deste, Dayan Kuhn"]
[Result "1-0"]
[WhiteElo "2292"]
[BlackElo "1970"]
[PlyCount "79"]
[EventDate "2015.01.14"]
[EventRounds "10"]
[EventCountry "BRA"]

1. e4 c5 2. Nf3 a6 3. c4 d6 4. d4 cxd4 5. Nxd4 Nc6 6. Nc3 Nf6 7. Be2 g6 8. O-O
Bg7 9. Nc2 O-O 10. Be3 Be6 11. f3 Rc8 12. Rb1 Ne5 13. b3 b5 14. Nd4 Bd7 15. Nd5
bxc4 16. Nxf6+ Bxf6 17. f4 Nd3 18. bxc4 Nc5 19. Bf3 Ne6 20. Be2 Nc5 21. Bd3
Nxd3 22. Qxd3 Qa5 23. Rfc1 Rb8 24. c5 dxc5 25. Rxb8 Rxb8 26. Nb3 c4 27. Qxd7
cxb3 28. axb3 Rxb3 29. Bf2 e5 30. g3 Rc3 31. Rb1 Kg7 32. fxe5 Qxe5 33. Qa4 Qd6
34. Rb6 Rc1+ 35. Kg2 Qd3 36. Rxf6 Kxf6 37. Bd4+ Ke6 38. Qe8+ Kd6 39. Qd8+ Kc6
40. Qd5+ 1-0

[Event "FLORIPA CHESS OPEN 2015"]
[Site "Florianopolis/SC"]
[Date "2015.01.14"]
[Round "2"]
[Board "14"]
[White "Chang, Suzana"]
[Black "Matsuura, Frederico"]
[Result "0-1"]
[WhiteElo "1969"]
[BlackElo "2289"]
[PlyCount "54"]
[EventDate "2015.01.14"]
[EventRounds "10"]
[EventCountry "BRA"]

1. d4 e6 2. e4 d5 3. exd5 exd5 4. Bd3 Nc6 5. c3 Bd6 6. Ne2 Qh4 7. Qd2 h6 8. Nf4
Bg4 9. g3 Qe7+ 10. Qe3 Nf6 11. O-O g5 12. Qxe7+ Nxe7 13. Ng2 Bf5 14. Bxf5 Nxf5
15. Ne3 Ne7 16. Nd2 O-O-O 17. Nf3 Ne4 18. Ne1 f5 19. f3 Nf6 20. Nd3 Rdg8 21.
Ng2 f4 22. gxf4 Nf5 23. fxg5 hxg5 24. Ne5 Rh5 25. Ne3 Nxe3 26. Bxe3 g4 27. Kh1
g3 0-1

[Event "FLORIPA CHESS OPEN 2015"]
[Site "Florianopolis/SC"]
[Date "2015.01.14"]
[Round "2"]
[Board "15"]
[White "Sztokbant, Bernardo Vainzoff"]
[Black "De Carvalho, Christopher"]
[Result "0-1"]
[WhiteElo "2278"]
[BlackElo "1965"]
[PlyCount "62"]
[EventDate "2015.01.14"]
[EventRounds "10"]
[EventCountry "BRA"]

1. e4 d6 2. d4 Nf6 3. Nc3 e5 4. Nf3 Nbd7 5. Bc4 c6 6. O-O Be7 7. Re1 O-O 8. a4
a5 9. b3 Qc7 10. Ba3 Nb6 11. Be2 Re8 12. h3 Bf8 13. Bf1 Bd7 14. Qd2 Rad8 15.
Rad1 Bc8 16. Qe3 g6 17. dxe5 dxe5 18. Rxd8 Rxd8 19. Bxf8 Rxf8 20. Qg5 Nfd7 21.
Qh6 Nc5 22. h4 f6 23. h5 g5 24. Rd1 Qe7 25. Nd2 Be6 26. Be2 Rd8 27. Nc4 Rxd1+
28. Nxd1 Nxc4 29. Bxc4 Bxc4 30. bxc4 Nxe4 31. f3 Nd6 0-1